Obras maestras de la pintura : Museo del Louvre y Museo del Jeu de Paume /

Guardat en:
Dades bibliogràfiques
Altres autors: Monreal y Tejada, Luis (texto) (texto)
Format: Llibre
Idioma:espanyol
Publicat: Barcelona, España : Planeta, 1983, c1983
Col·lecció:(Obras Maestras de la Pintura ; 1)
Matèries:
Etiquetes: Afegir etiqueta
Sense etiquetes, Sigues el primer a etiquetar aquest registre!

MARC

LEADER 00000nam^a2200000^a^4500
001 000184834
005 20250521000000.0
009 20260310102130.279
020 |a 84-320-6488-2 
020 |a 84-320-6525-0 
037 |a Acervo ITESO - Biblioteca 
041 |a ESP 
082 |a 759.  |b OBR V. 1 
240 1 1 |a [Obras maestras de la pintura] 
245 0 0 |a Obras maestras de la pintura :  |b Museo del Louvre y Museo del Jeu de Paume /  |c Texto de L. Monreal y Tejada. 
264 4 |a Barcelona, España :  |b Planeta,  |c 1983, c1983 
300 |a 183 p. 
336 |a texto  |b txt  |2 rdacontenido 
337 |a sin mediación  |b n  |2 rdamedio 
338 |a volumen  |b nc  |2 rdasoporte 
440 1 |a (Obras Maestras de la Pintura ;  |v 1) 
649 |a XX 
650 |a Musée du Louvre -  |x Tema Principal 
650 |a Jeu de Paume -  |x Tema Principal 
650 |a Museos y Galerías -  |z París, Francia -  |x Colecciones 
650 |a Museos y Galerías -  |z Francia -  |x Colecciones 
650 |a Pintura Francesa -  |x Tema Principal 
650 |a Pintura Francesa -  |x Colecciones 
650 |a Pintura Francesa -  |x Exposiciones 
650 |a Pintura Europea -  |x Historia y Crítica 
650 |a Pintura Europea -  |x Tema Principal 
650 |a Pintura Europea -  |x Colecciones 
650 |a Pintura Europea -  |x Exposiciones 
650 |a Pintura Europea -  |x Historia y Crítica 
650 |a Arte Francés -  |x Colecciones 
650 |a Arte Francés -  |x Exposiciones 
650 |a Arte Francés -  |x Historia y Crítica 
650 |a Arte Europeo -  |x Colecciones 
650 |a Arte Europeo -  |x Exposiciones 
650 |a Arte Europeo -  |x Historia y Crítica 
700 |a Monreal y Tejada, Luis  |e (texto) 
910 |a Fondo Julio de la Peña Lomelín 
920 |a Impresos - Libros 
930 |a Arquitectos Jaliscienses 
905 |a 115 
901 |a 0500125833  |b IT1  |c JAL  |u 20250521 
902 |a https://opac.biblio.iteso.mx/vufind/Record/000184834